Представление документа в формате RUSMARC

ПолеНазваниеЗначение
  Тип записи a
  Библиографический уровень m
001 Контрольный номер cd78b91687cc4d459494accfc9411288
005 Дата корректировки 20150408152109.3
010 Индекс ISBN __
a ISBN 978-5-16-002848-4
d Цена 155. 43
101 Язык документа 0_
a Язык текста rus
102 Страна публикации __
a Страна публикации RU
200 Заглавие и сведения об ответственности 1_
a Заглавие Экономическая оценка инвестиций
b Общее обозначение материала Текст
e Сведения, относящиеся к заглавию учебное пособие
f Первые сведения об ответственности Л. Е. Басовский
210 Выходные данные 1_
a Место издания М.:
c Издательство ИНФРА-М
d Дата издания 2011
215 Физическое описание __
a Объем 241 с.
686 Индексы других классификаций __
a Классификационный индекс 65.263
700 Автор _1
a Фамилия Басовский
b Имя Л. Е.
801 Источник записи _0
a Страна RU
b Организация РУК
c Дата составления 08.04.2015
g Правила каталогизации PSBO
801 Источник записи _1
a Страна RU
b Организация РУК
c Дата составления 08.04.2015
g Правила каталогизации PSBO
852 Данные о местонахождении __
i Авторский знак Б27
j Шифр хранения 65.263
901 Тип документа __
t Тип документа m
937 Технологическая информация __
a Создатель записи (имя) Морозова
938 Служебная информация __
a Название организации Арзамасский филиал